000 00597cam a22002173a 4500
001 44272
003 PGUSA
005 20140828084018.0
008 131124s2013||||xxu|||||s|||||000 | eng d
040 _aPGUSA
_beng
042 _adc
100 1 _aMynona
245 1 0 _aSchwarz-Weiß-Rot :
_bGrotesken
_h[electronic resource] /
_cMynona
260 _bProject Gutenberg,
_c2013
506 _aPublic domain in the USA.
516 _aElectronic text
700 1 _aMeidner, Ludwig,
_d1884-1966
830 0 _aProject Gutenberg
_v44272
856 4 0 _uhttp://www.gutenberg.org/ebooks/44272
942 _cEB
999 _c273523
_d273523